<?xml version="1.0" encoding="UTF-8"?>
<record
    xmlns:xsi="http://www.w3.org/2001/XMLSchema-instance"
    xsi:schemaLocation="http://www.loc.gov/MARC21/slim http://www.loc.gov/standards/marcxml/schema/MARC21slim.xsd"
    xmlns="http://www.loc.gov/MARC21/slim">

  <leader>00811nam a22002297a 4500</leader>
  <controlfield tag="007">00</controlfield>
  <controlfield tag="008">160620b        xxu||||| |||| 00| 0 eng d</controlfield>
  <datafield tag="020" ind1=" " ind2=" ">
    <subfield code="a">2-7430-0888-1</subfield>
  </datafield>
  <datafield tag="040" ind1=" " ind2=" ">
    <subfield code="a">BUAC</subfield>
    <subfield code="c">BUC</subfield>
  </datafield>
  <datafield tag="041" ind1=" " ind2=" ">
    <subfield code="a">Fre. </subfield>
  </datafield>
  <datafield tag="100" ind1=" " ind2=" ">
    <subfield code="a">Jeantet, Romain </subfield>
  </datafield>
  <datafield tag="245" ind1=" " ind2=" ">
    <subfield code="a">Sciences des aliments - Biochimie - Microbiologie - Proc&#xE9;des - Produits : </subfield>
    <subfield code="b">Vol 2. Technologie des produits alimentaires</subfield>
    <subfield code="c">/ Romain Jeantet, Thomas Croguennec, Pierre Schuck, et. al. </subfield>
  </datafield>
  <datafield tag="260" ind1=" " ind2=" ">
    <subfield code="a">Paris : </subfield>
    <subfield code="b">Lavoisier, </subfield>
    <subfield code="c">2007</subfield>
  </datafield>
  <datafield tag="300" ind1=" " ind2=" ">
    <subfield code="a">456 p. </subfield>
    <subfield code="c">24 cm.</subfield>
  </datafield>
  <datafield tag="500" ind1=" " ind2=" ">
    <subfield code="a">Compr. bibliogr. &#xE0; la fin de chaque chapitre du vol. ; Index : pp. (453-456)</subfield>
  </datafield>
  <datafield tag="630" ind1=" " ind2=" ">
    <subfield code="a">Sciences Appliqu&#xE9;es</subfield>
  </datafield>
  <datafield tag="650" ind1=" " ind2=" ">
    <subfield code="a">Agroalimentaire : technique </subfield>
  </datafield>
  <datafield tag="700" ind1=" " ind2=" ">
    <subfield code="a">Croguennec, Thomas </subfield>
  </datafield>
  <datafield tag="700" ind1=" " ind2=" ">
    <subfield code="b">Schuck, Pierre </subfield>
  </datafield>
  <datafield tag="700" ind1=" " ind2=" ">
    <subfield code="a">Brul&#xE9;, G&#xE9;rard </subfield>
  </datafield>
  <datafield tag="942" ind1=" " ind2=" ">
    <subfield code="c">LIVR</subfield>
  </datafield>
  <datafield tag="999" ind1=" " ind2=" ">
    <subfield code="c">54629</subfield>
    <subfield code="d">54629</subfield>
  </datafield>
  <datafield tag="952" ind1=" " ind2=" ">
    <subfield code="0">0</subfield>
    <subfield code="1">0</subfield>
    <subfield code="4">0</subfield>
    <subfield code="7">0</subfield>
    <subfield code="a">BUAC</subfield>
    <subfield code="b">BUAC</subfield>
    <subfield code="d">2015-06-11</subfield>
    <subfield code="e">Don ARES</subfield>
    <subfield code="f">15/208</subfield>
    <subfield code="l">0</subfield>
    <subfield code="o">664.8/9 JEA</subfield>
    <subfield code="p">15-208BUC</subfield>
    <subfield code="r">2016-06-20 00:00:00</subfield>
    <subfield code="t">1</subfield>
    <subfield code="w">2016-06-20</subfield>
    <subfield code="y">LIVR</subfield>
  </datafield>
</record>
